Top 20 German Shepherd Names - Statistics

General Stats
  • This quiz has been taken 13 times
  • The average score is 5 of 20
Answer Stats
Hint Answer % Correct
15 Duke
46%
1 Luna
46%
3 Max
46%
2 Bella
38%
4 Bear
31%
6 Charlie
31%
19 Roxy
31%
11 Baily
23%
20 Loki
23%
18 Rocky
23%
9 Sadie
23%
16 Zoe
23%
12 Harley
15%
13 Lucy
15%
8 Nala
15%
17 Nova
15%
10 Stella
15%
14 Athena
8%
7 Koda
8%
5 Zeus
8%
No matching quizzes found
Score Distribution
Percent of People with Each Score
Percentile by Number Answered
Your Score History
You have not taken this quiz